LEADER 01126nam--2200385---450 001 990000785080203316 005 20220720094722.0 035 $a0078508 035 $aUSA010078508 035 $a(ALEPH)000078508USA01 035 $a0078508 100 $a20011203d1991----km-y0itay0103----ba 101 $aita 102 $aIT 105 $a||||||||001yy 200 1 $aBrevi riflessioni su Eupalino o Dell'architettura di Paul Valéry$fTiziana Mancini 210 $d1991 215 $a[4] c. di tav.$d21 cm 225 2 $aEstr. da: Itinerari, n. 1 (1991) 410 $12001 676 $a848.912 700 1$aMANCINI,$bTiziana$0257507 801 0$aIT$bsalbc$gISBD 912 $a990000785080203316 951 $aMIS 14/36$b108117 L.M.$cMIS 951 $aXV 21 795$bDispac$cXV 21 959 $aBK 969 $aUMA 969 $aFPAV 979 $aPATTY$b90$c20011203$lUSA01$h1341 979 $aPATTY$b90$c20020327$lUSA01$h0844 979 $c20020403$lUSA01$h1725 979 $aPATRY$b90$c20040406$lUSA01$h1654 996 $aBrevi riflessioni su Eupalino o Dell'architettura di Paul Valéry$9965709 997 $aUNISA LEADER 00778oam 2200229z- 450 001 996280001503316 005 20230615134559.0 010 $a1-5090-8301-4 035 $a(CKB)1000000000331470 035 $a(EXLCZ)991000000000331470 100 $a20220628c2007uuuu -u- - 101 0 $aeng 200 00$aReliability physics symposium, 2007. proceedings. 45th annual. ieee international 210 $cIEEE 311 $a1-4244-0918-7 311 $a1-4244-0919-5 517 $aCode Generation and Optimization 517 $a2007 IEEE International Reliability Physics Symposium Proceedings. 45th Annual 906 $aPROCEEDING 912 $a996280001503316 996 $aReliability physics symposium, 2007. proceedings. 45th annual. ieee international$92528200 997 $aUNISA